LEADER 01410nam a2200229 4500 001 000000341343 003 CaOOAMICUS 005 20200805115339.0 008 200805s18361837it 000 u ita r 040 $aSeMil$bita 100 11$aRaimann, Johann Nepomuk.$0(OLS)http://semarc/name/111850 245 00$aPrincipj di patologia e terapia medica speciale :$bper uso accademico libro di testo nell'I. e R. Arcispedale di S. M. Nuova di Firenze /$cdi G.N. Nobile de Raimann ; traduzione italiana sull'edizione latina del dott. Andrea Buffini. 264 1$aFirenze :$bTipografia della speranza,$c1836-1837. 300 $a2 v. ;$c20 cm 650 4$aPatologie - Medicina.$0(OLS)http://semarc/subject/26900 700 1 $aBuffini, Andrea.$0(OLS)http://semarc/name/89917 774 0 $aRaimann, Johann Nepomuk$t1: Febbri, infiammazioni ed efflorescenze cutanee piane .$dFirenze : Tipografia della speranza, 1836.$w()341344 774 0 $aRaimann, Johann Nepomuk$t2: Efflorescenze cutanee elevate, cachessie, malattie secretorie ed escretorie, e nevrosi .$dFirenze : Tipografia della speranza, 1837.$w()341345 941 1 $a10 996 $6245$aPrincipj di patologia e terapia medica speciale :$bper uso accademico libro di testo nell'I. e R. Arcispedale di S. M. Nuova di Firenze$9(OLS)http://semarc/title/430368 996 $6264$aFirenze :$bTipografia della speranza$9(OLS)http://semarc/publisher/31390 LEADER 01291nam a2200277 i 4500 001 000000153613 003 CaOOAMICUS 005 20200715121154.0 008 061005s2004 it u000 u ita u 013 $a130956 020 $a88-209-7532-7 040 $aSeMil$bita 100 1 $aAchtemeier, Paul J.$0(OLS)http://semarc/name/52381 240 10$a1 Peter : a commentary on First Peter.$0(OLS)http://semarc/title/408772 245 13$aLa Prima Lettera di Pietro :$bcommento storico esegetico /$cPaul J. Achtemeier. 260 $aCittą del Vaticano :$bLibreria Editrice Vaticana,$c2004. 300 $a715 p. ;$c24 cm. 650 4$aBibbia. Nuovo Testamento. Lettere di Pietro. 1-2 - Commentari, studi, critica, interpretazioni.$0(OLS)http://semarc/subject/45445 830 0$aLetture bibliche ;$v18.$0(OLS)http://semarc/title/6127 850 $aSeMil 852 $aSeMil$W1$xVenegono$y1$m2V V 58$j270467$B105536$CSeMilBibl$Z2$F114822 $81 961 $aAcquisto: Messaggero 996 $6020$a88-209-7532-7$9(OLS)http://semarc/number/143465 996 $6245$aLa Prima Lettera di Pietro :$bcommento storico esegetico$9(OLS)http://semarc/title/224789 996 $6260$aCittą del Vaticano :$bLibreria Editrice Vaticana$9(OLS)http://semarc/publisher/29734